书目信息 |
| 题名: |
社会心理学
|
|
| 作者: | 侯玉波 编著 | |
| 分册: | ||
| 出版信息: | 北京 北京大学出版社 2002 |
|
| 页数: | 349页 | |
| 开本: | 20cm | |
| 丛书名: | 北京大学心理学丛书 | |
| 单 册: | ||
| 中图分类: | C912.6 , B84 | |
| 科图分类: | ||
| 主题词: | 社会心理学--高等学校--教材 , 心理学 | |
| 电子资源: | ||
| ISBN: | 7-301-05530-7 | |
| 000 | 00850oam2 2200277 450 | |
| 001 | 1534924476 | |
| 005 | 20150126094229.03 | |
| 010 | @a7-301-05530-7@dCNY18.00 | |
| 100 | @a20020419d2002 em y0chiy0110 ea | |
| 101 | 0 | @achi |
| 102 | @aCN@b110000 | |
| 105 | @ay z 000yy | |
| 200 | 1 | @a社会心理学@9she hui xin li xue@f侯玉波编著 |
| 210 | @a北京@c北京大学出版社@d2002 | |
| 215 | @a349页@d20cm | |
| 225 | 2 | @a北京大学心理学丛书 |
| 300 | @a北京大学通选课教材 | |
| 330 | @a本书包括:社会知觉、人类的社会行为、态度问题、人际关系、社会交换与社会影响、团体心理与行为、文化心理学等内容。 | |
| 461 | 0 | @12001 @a北京大学心理学丛书 |
| 606 | 0 | @a社会心理学@x高等学校@j教材 |
| 606 | 0 | @a心理学 |
| 690 | @aC912.6@v5 | |
| 690 | @aB84@v4 | |
| 701 | 0 | @a侯玉波@9hou yu bo@f(1968~)@4编著 |
| 801 | 0 | @aCN@bTSSF@c20150126 |
| 905 | @aZUCC@dB84@eJY802 | |
| 社会心理学/侯玉波编著.-北京:北京大学出版社,2002 |
| 349页;20cm.-(北京大学心理学丛书) |
| 北京大学通选课教材 |
| ISBN 7-301-05530-7:CNY18.00 |
| 本书包括:社会知觉、人类的社会行为、态度问题、人际关系、社会交换与社会影响、团体心理与行为、文化心理学等内容。 |
| ● |
| 相关链接 |
|
|
|
|
正题名:社会心理学
索取号:B84/JY802
 
预约/预借
| 序号 | 登录号 | 条形码 | 馆藏地/架位号 | 状态 | 备注 |
| 1 | 7846202 | 278462021 | 学院路分馆/ [索取号:B84/JY802] | 在馆 |